| 000 | 00565nam a22001817a 4500 | ||
|---|---|---|---|
| 005 | 20150424105600.0 | ||
| 010 | _aENG-112254 | ||
| 020 |
_c275.00 _a9788181801807 |
||
| 020 |
_c275.00 _a8181801806 |
||
| 035 | _aEN-95786 | ||
| 037 | _bDBAD/PUB | ||
| 082 | _a516 | ||
| 245 |
_aText book for intermediate second year mathematics paper-II B : _bcoordidnate geometry, calculus |
||
| 260 |
_aHyderabad _bTelugu Akademi _c2014 (repr.) |
||
| 270 |
_aTelugu Akademi _bHyderabad _e500029 |
||
| 300 |
_a363p. _b28cm(pbk) |
||
| 942 |
_2ddc _cEN _mTEX _h516 |
||
| 999 |
_c91966 _d91966 |
||